AH International Schools' Libraries

Normal view MARC view
  • Brothers Grimm. Missing person. Ghosts. Supernatural. Mystery. Fairy Tale.

Entry Topical Term

Number of records used in: 1

001 - CONTROL NUMBER

  • control field: 86527

003 - CONTROL NUMBER IDENTIFIER

  • control field: OSt

005 - DATE AND TIME OF LATEST TRANSACTION

  • control field: 20250813105526.0

008 - FIXED-LENGTH DATA ELEMENTS

  • fixed length control field: 250813|| aca||aabn | a|a d

040 ## - CATALOGING SOURCE

  • Original cataloging agency: OSt
  • Transcribing agency: OSt

150 ## - HEADING--TOPICAL TERM

  • Topical term or geographic name as entry element: Brothers Grimm. Missing person. Ghosts. Supernatural. Mystery. Fairy Tale.
  • Form subdivision: Fiction

670 ## - SOURCE DATA FOUND

  • Source citation: Work cat.: (OSt)49272: McNeal, Tom. 86526, Far far away / , 2013.

For any Logos Library related questions please contact Miss Art at swongnarasuk@asianhope.org.

For any Asian Hope Library related questions please contact Miss Raza at graza@asianhope.org.

Powered by Koha